[Event "GBR-ch 95th"]
[Site "Liverpool"]
[Date "2008.08.07"]
[Round "10.2"]
[White "Gordon, Stephen J"]
[Black "Williams, Simon K"]
[Result "1/2-1/2"]
[WhiteElo "2508"]
[BlackElo "2496"]
[PlyCount "85"]
[EventDate "2008.07.28"]
[EventType "swiss"]
[EventRounds "11"]
[EventCountry "GBR"]

1. d4 Nf6 2. c4 g6 3. Nc3 Bg7 4. e4 d6 5. f3 O-O 6. Be3 c5 7. dxc5 dxc5 8. Qxd8
Rxd8 9. Bxc5 Nc6 10. Nge2 Nd7 11. Bf2 Nde5 12. Nf4 Nb4 13. Rd1 Rxd1+ 14. Kxd1
g5 15. Nfd5 Ned3 16. Bxd3 Nxd3 17. Bg1 Nxb2+ 18. Kc2 Nxc4 19. Nc7 Bh3 20. gxh3
Rc8 21. N3d5 Kh8 22. Bxa7 e6 23. Kd3 exd5 24. Nxd5 Ne5+ 25. Ke3 Ra8 26. Bc5
Rxa2 27. Nb6 Rb2 28. h4 Rb3+ 29. Ke2 Nxf3 30. Rd1 h6 31. Rd7 Ne5 32. Rxb7 Rb2+
33. Kf1 Nc4 34. hxg5 hxg5 35. Bf2 Rb1+ 36. Kg2 Rb2 37. Rb8+ Kh7 38. Nd7 Rd2 39.
Nf8+ Kh6 40. Kf1 Ne5 41. h3 Kh5 42. Nh7 Kh6 43. Nxg5 1/2-1/2

[Event "GBR-ch 95th"]
[Site "Liverpool"]
[Date "2008.08.07"]
[Round "10.3"]
[White "Conquest, Stuart"]
[Black "Haslinger, Stewart"]
[Result "1-0"]
[WhiteElo "2536"]
[BlackElo "2511"]
[PlyCount "57"]
[EventDate "2008.07.28"]
[EventType "swiss"]
[EventRounds "11"]
[EventCountry "GBR"]

1. c4 Nf6 2. d4 c6 3. Bf4 d5 4. e3 a6 5. Nf3 e6 6. Nc3 Bb4 7. a3 Bxc3+ 8. bxc3
Qa5 9. Qb3 dxc4 10. Bxc4 Nd5 11. O-O O-O 12. Bg3 b5 13. Bd3 Qxc3 14. Qb1 Qa5
15. Bxh7+ Kh8 16. Bd6 Rd8 17. Ne5 f5 18. Bg6 Rxd6 19. Nf7+ Kg8 20. Nxd6 Qd8 21.
Nxc8 Qxc8 22. e4 Nc3 23. Qb3 Ne2+ 24. Kh1 Nf4 25. exf5 Ra7 26. Rae1 Re7 27. Qf3
Nxg6 28. fxg6 Nd7 29. Rxe6 1-0

[Event "GBR-ch 95th"]
[Site "Liverpool"]
[Date "2008.08.07"]
[Round "10.4"]
[White "Gormally, Daniel"]
[Black "Hebden, Mark"]
[Result "1/2-1/2"]
[WhiteElo "2504"]
[BlackElo "2520"]
[PlyCount "104"]
[EventDate "2008.07.28"]
[EventType "swiss"]
[EventRounds "11"]
[EventCountry "GBR"]

1. e4 e5 2. Nf3 Nc6 3. Bc4 Nf6 4. d3 Be7 5. O-O O-O 6. a4 d6 7. Nbd2 Ne8 8. c3
Kh8 9. d4 f5 10. dxe5 Nxe5 11. Nxe5 dxe5 12. exf5 Bxf5 13. Qe2 Nf6 14. Nf3 e4
15. Nd4 Bg4 16. Qc2 Bd6 17. Bg5 Qe8 18. Qd2 Qe5 19. g3 Rad8 20. Rfe1 Bc5 21.
Bf4 Qe7 22. b4 Rxd4 23. cxd4 Bxb4 24. Qb2 Bxe1 25. Rxe1 c6 26. a5 Nd5 27. Be5
Nf6 28. d5 cxd5 29. Bxf6 Rxf6 30. Bxd5 Bf3 31. Qxb7 Qxb7 32. Bxb7 g5 33. g4 Rh6
34. Rc1 Rd6 35. h3 Rd2 36. Re1 Rd4 37. Kh2 Rb4 38. a6 Rc4 39. Kg3 Kg7 40. h4 h6
41. hxg5 hxg5 42. Ra1 Kf6 43. Rb1 Rc5 44. Re1 Rc3 45. Ra1 Rc4 46. Rb1 Be2 47.
Re1 Bd3 48. f3 exf3 49. Re3 Rd4 50. Rxf3+ Kg7 51. Re3 Rd6 52. Re5 Kf6 1/2-1/2

[Event "GBR-ch 95th"]
[Site "Liverpool"]
[Date "2008.08.07"]
[Round "10.5"]
[White "Ledger, Andrew"]
[Black "Arkell, Keith"]
[Result "0-1"]
[WhiteElo "2423"]
[BlackElo "2506"]
[PlyCount "70"]
[EventDate "2008.07.28"]
[EventType "swiss"]
[EventRounds "11"]
[EventCountry "GBR"]

1. e4 c6 2. d4 d5 3. Nd2 dxe4 4. Nxe4 Nd7 5. Bc4 Ngf6 6. Ng5 e6 7. Qe2 Nb6 8.
Bd3 h6 9. N5f3 c5 10. Be3 Qc7 11. Ne5 cxd4 12. Bxd4 Bc5 13. Bb5+ Bd7 14. Ngf3
Bxd4 15. Nxd4 Bxb5 16. Nxb5 Qc5 17. Rd1 O-O 18. O-O Rfd8 19. c4 Nxc4 20. Qxc4
Qxe5 21. Rxd8+ Rxd8 22. Nxa7 Qxb2 23. Nb5 Qd2 24. g3 h5 25. a4 Ng4 26. Qc5 Qe2
27. Nd6 Nxh2 28. Rb1 Nf3+ 29. Kg2 Ne1+ 30. Kg1 Nf3+ 31. Kg2 Ne1+ 32. Kg1 Nd3
33. Qb6 Rxd6 34. Qxd6 Qxf2+ 35. Kh1 Ne1 0-1

[Event "GBR-ch 95th"]
[Site "Liverpool"]
[Date "2008.08.07"]
[Round "10.7"]
[White "Tiruchirapalli, Venkataramanan"]
[Black "Davies, Nigel R"]
[Result "0-1"]
[WhiteElo "2247"]
[BlackElo "2478"]
[PlyCount "68"]
[EventDate "2008.07.28"]
[EventType "swiss"]
[EventRounds "11"]
[EventCountry "GBR"]

1. e4 c5 2. Nf3 e6 3. c3 Nf6 4. e5 Nd5 5. d4 cxd4 6. cxd4 d6 7. Bc4 Nb6 8. Bd3
Nc6 9. a3 dxe5 10. dxe5 Qc7 11. Qe2 Nd4 12. Nxd4 Qxc1+ 13. Qd1 Qxb2 14. O-O
Qxa1 15. Re1 Qxd4 16. Bb5+ Qd7 17. Nc3 Be7 18. Qg4 O-O 19. Bxd7 Bxd7 20. h4
Rfc8 21. Re3 Rc4 22. Ne4 Bc6 23. h5 Bxe4 24. Rxe4 Rac8 25. Rxc4 Rxc4 26. Qd1
Ra4 27. Qf3 Nd5 28. Qb3 Rxa3 29. Qxb7 a5 30. f4 g6 31. Kh2 Kg7 32. g3 a4 33. g4
Rf3 34. g5 gxh5 0-1

[Event "GBR-ch 95th"]
[Site "Liverpool"]
[Date "2008.08.07"]
[Round "10.9"]
[White "Eggleston, David"]
[Black "Hawkins, Jonathan"]
[Result "0-1"]
[WhiteElo "2372"]
[BlackElo "2232"]
[PlyCount "72"]
[EventDate "2008.07.28"]
[EventType "swiss"]
[EventRounds "11"]
[EventCountry "GBR"]

1. d4 Nf6 2. c4 g6 3. Nc3 Bg7 4. e4 d6 5. Bd3 O-O 6. Nge2 Nc6 7. O-O e5 8. d5
Ne7 9. Rb1 Nh5 10. b4 f5 11. exf5 gxf5 12. f4 exf4 13. Rb3 Ng6 14. Nxf4 Ngxf4
15. Bxf4 Nxf4 16. Rxf4 Be5 17. Rf3 a5 18. bxa5 Rxa5 19. Qc2 Qh4 20. g3 Qh5 21.
Rf1 f4 22. gxf4 Bh3 23. Be2 Bd4+ 24. Kh1 Qh4 25. Nb5 Bxf1 26. Nxd4 Qe1 27. Rg3+
Kh8 28. Qb2 Bxe2+ 29. Rg1 Qh4 30. Ne6+ Qf6 31. Qxe2 Rg8 32. Rb1 c6 33. Qd2 b6
34. h3 Ra3 35. Kh2 Rxh3+ 36. Kxh3 Qh6# 0-1

[Event "GBR-ch 95th"]
[Site "Liverpool"]
[Date "2008.08.07"]
[Round "10.10"]
[White "Ynojosa, Felix Jose"]
[Black "Pert, Nicholas"]
[Result "0-1"]
[WhiteElo "2101"]
[BlackElo "2547"]
[PlyCount "132"]
[EventDate "2008.07.28"]
[EventType "swiss"]
[EventRounds "11"]
[EventCountry "GBR"]

1. e4 e6 2. d4 d5 3. exd5 exd5 4. Nf3 Nc6 5. Bd3 Bd6 6. O-O Nge7 7. Bg5 f6 8.
Bh4 Bg4 9. c3 Qd7 10. Nbd2 O-O-O 11. b4 Nf5 12. Qa4 Nxh4 13. Nxh4 Kb8 14. Bb5
a6 15. Bxc6 Qxc6 16. Qxc6 bxc6 17. h3 Bc8 18. Nb3 g5 19. Nf3 h5 20. Nfd2 g4 21.
h4 g3 22. fxg3 Rdg8 23. Rxf6 Rxg3 24. Rf3 Rg4 25. Na5 Rhg8 26. Rf2 Rg3 27.
Nxc6+ Kb7 28. Ne5 Bh3 29. Nf1 Rxg2+ 30. Rxg2 Rxg2+ 31. Kh1 Rc2 32. c4 Bxe5 33.
dxe5 Rxc4 34. Ne3 Rxh4 35. Kg1 Be6 36. Rd1 Rxb4 37. Nxd5 Rb5 38. Nf4 Rxe5 39.
Rd2 Bf7 40. a3 Rf5 41. Nd3 c5 42. Nf2 Bd5 43. Nd3 Kc6 44. Kh2 Bc4 45. Nf2 Re5
46. Rc2 Re2 47. Rxc4 Rxf2+ 48. Kg3 Rd2 49. Rh4 Rd5 50. Kf3 Re5 51. Kf4 Kd5 52.
Rh3 c4 53. Rh1 Ke6 54. Rc1 Rc5 55. Ke4 c3 56. Kd4 Rc8 57. Ke4 c2 58. a4 a5 59.
Ke3 Kd5 60. Kd3 h4 61. Kd2 Kd4 62. Ke2 h3 63. Kd2 h2 64. Ke2 Kc3 65. Ke3 Re8+
66. Kf2 Rh8 0-1

[Event "GBR-ch 95th"]
[Site "Liverpool"]
[Date "2008.08.07"]
[Round "10.11"]
[White "Flear, Glenn C"]
[Black "Surtees, Michael"]
[Result "1-0"]
[WhiteElo "2493"]
[BlackElo "2182"]
[PlyCount "69"]
[EventDate "2008.07.28"]
[EventType "swiss"]
[EventRounds "11"]
[EventCountry "GBR"]

1. d4 c6 2. c4 f6 3. Nf3 e5 4. Nc3 Bb4 5. dxe5 Bxc3+ 6. bxc3 Qa5 7. Qd4 Na6 8.
Bf4 Nc5 9. Qe3 f5 10. Nd4 Ne7 11. Bg5 f4 12. Bxf4 b6 13. g3 Ba6 14. Bg2 Bxc4
15. O-O O-O 16. Nb3 Qa3 17. Nxc5 bxc5 18. Rfb1 Be6 19. Qc1 Qa5 20. Bd2 c4 21.
f4 g5 22. e4 gxf4 23. gxf4 Ng6 24. Be3 Nh4 25. Rb2 Rf7 26. f5 Bxf5 27. exf5
Rxf5 28. Bd4 Ng6 29. Rab1 Raf8 30. Qh6 Nf4 31. Be4 R5f7 32. Kh1 Ne6 33. Rg1+
Kh8 34. Rf2 c5 35. Bxh7 1-0

[Event "GBR-ch 95th"]
[Site "Liverpool"]
[Date "2008.08.07"]
[Round "10.12"]
[White "Trent, Lawrence"]
[Black "Lalic, Susan"]
[Result "1-0"]
[WhiteElo "2470"]
[BlackElo "2344"]
[PlyCount "79"]
[EventDate "2008.07.28"]
[EventType "swiss"]
[EventRounds "11"]
[EventCountry "GBR"]

1. e4 c6 2. d4 d5 3. f3 Nf6 4. e5 Nfd7 5. f4 e6 6. Nf3 c5 7. c3 Nc6 8. Bd3 cxd4
9. cxd4 Qb6 10. O-O Nxd4 11. Nxd4 Qxd4+ 12. Kh1 Qb6 13. Nc3 Be7 14. Qe2 O-O 15.
Be3 d4 16. Bg1 f5 17. Nb5 a6 18. Nxd4 Bc5 19. Nxe6 Bxg1 20. Nxf8 Nxf8 21. Rxg1
Be6 22. Rac1 Qd4 23. Rgf1 b5 24. Bb1 Re8 25. Rcd1 Qa7 26. Rd6 Ng6 27. Qf2 Qa8
28. Rfd1 Kf7 29. a3 Rc8 30. h4 Nf8 31. Qb6 Bb3 32. Bxf5 Bxd1 33. Bxc8 Qxc8 34.
Rxd1 Qg4 35. Qb7+ Kg8 36. Qd5+ Ne6 37. Kg1 g6 38. f5 Qxf5 39. Rf1 Qg4 40. Rf6
1-0

[Event "GBR-ch 95th"]
[Site "Liverpool"]
[Date "2008.08.07"]
[Round "10.13"]
[White "Grigoryan-Lyell, Meri"]
[Black "Greet, Andrew"]
[Result "0-1"]
[WhiteElo "2053"]
[BlackElo "2453"]
[PlyCount "118"]
[EventDate "2008.07.28"]
[EventType "swiss"]
[EventRounds "11"]
[EventCountry "GBR"]

1. d4 Nf6 2. c4 e6 3. Nf3 b6 4. g3 Ba6 5. b3 b5 6. Qc2 bxc4 7. bxc4 c5 8. Bg2
Bb7 9. O-O cxd4 10. Nxd4 Bxg2 11. Kxg2 Be7 12. Nd2 O-O 13. N2f3 Qa5 14. Bd2 Qa6
15. Qb3 Ne4 16. Bb4 Nc5 17. Qc2 Nc6 18. Nxc6 Qxc6 19. Kg1 Bf6 20. Bc3 Bxc3 21.
Qxc3 Rfc8 22. Qd4 Qe4 23. Qxe4 Nxe4 24. Rfd1 Rc7 25. Rd4 Nc5 26. Ne5 Kf8 27.
Rad1 Ke7 28. Nd3 Nxd3 29. R4xd3 Rb8 30. Rb3 Rb6 31. Rxb6 axb6 32. Rb1 Rxc4 33.
Rxb6 Rc2 34. e3 Rxa2 35. Kg2 g5 36. g4 d5 37. Kg3 Kf6 38. Rb7 Ra6 39. Rd7 h5
40. h3 h4+ 41. Kf3 Ra8 42. Kg2 Ra5 43. Rb7 Rc5 44. Ra7 e5 45. Ra6+ Ke7 46. Ra7+
Ke6 47. Ra6+ Kd7 48. Rf6 Ke7 49. Ra6 d4 50. exd4 exd4 51. Ra4 Rd5 52. Kf3 f5
53. gxf5 Rxf5+ 54. Kg4 Rd5 55. Ra2 d3 56. Rd2 Kf6 57. Kf3 Kf5 58. Rd1 d2 59.
Ke3 g4 0-1

[Event "GBR-ch 95th"]
[Site "Liverpool"]
[Date "2008.08.07"]
[Round "10.14"]
[White "Hanley, James L"]
[Black "Buckley, Graeme"]
[Result "0-1"]
[WhiteElo "2243"]
[BlackElo "2401"]
[PlyCount "66"]
[EventDate "2008.07.28"]
[EventType "swiss"]
[EventRounds "11"]
[EventCountry "GBR"]

1. e4 c5 2. Nf3 e6 3. d4 cxd4 4. Nxd4 Nf6 5. Nc3 d6 6. g4 Nc6 7. g5 Nd7 8. Be3
Be7 9. Rg1 O-O 10. Qh5 d5 11. exd5 Nxd4 12. Bxd4 e5 13. Be3 Bb4 14. Rg4 Bxc3+
15. bxc3 Qa5 16. Bd2 Nc5 17. Rb4 Bf5 18. c4 Qa3 19. Qd1 f6 20. Rb5 b6 21. Bb4
Qa4 22. Bxc5 bxc5 23. c3 Qa6 24. a4 fxg5 25. Rxc5 Bd7 26. Qd2 Qb6 27. Qe3 Qb2
28. Rd1 Bxa4 29. Rd2 Qc1+ 30. Ke2 Rab8 31. Rc7 Rb2 32. Rxg7+ Kh8 33. Rxa7 Qd1+
0-1

[Event "GBR-ch 95th"]
[Site "Liverpool"]
[Date "2008.08.07"]
[Round "10.15"]
[White "Zhou, Yang-Fan"]
[Black "Knott, Simon JB"]
[Result "1/2-1/2"]
[WhiteElo "2259"]
[BlackElo "2365"]
[PlyCount "46"]
[EventDate "2008.07.28"]
[EventType "swiss"]
[EventRounds "11"]
[EventCountry "GBR"]

1. e4 e6 2. Nc3 d5 3. Nf3 Nf6 4. e5 Nfd7 5. Ne2 c5 6. c3 c4 7. d4 cxd3 8. Qxd3
Nc6 9. Bf4 Qc7 10. Qe3 g5 11. Bxg5 Bg7 12. Ned4 Ndxe5 13. Nb5 Nxf3+ 14. Qxf3
Qe5+ 15. Be3 a6 16. Nd4 Nxd4 17. cxd4 Qe4 18. Be2 Qxf3 19. Bxf3 Bd7 20. Kd2 Ke7
21. Rhc1 Rhc8 22. b3 Rxc1 23. Rxc1 Rc8 1/2-1/2

[Event "GBR-ch 95th"]
[Site "Liverpool"]
[Date "2008.08.07"]
[Round "10.16"]
[White "Kett, Timothy"]
[Black "Ledger, David"]
[Result "1/2-1/2"]
[WhiteElo "2247"]
[BlackElo "2260"]
[PlyCount "29"]
[EventDate "2008.07.28"]
[EventType "swiss"]
[EventRounds "11"]
[EventCountry "GBR"]

1. e4 e5 2. Nf3 Nc6 3. Bb5 Nf6 4. O-O Bc5 5. c3 O-O 6. d4 Bb6 7. Bg5 d6 8. Qd3
Qe7 9. Nbd2 Nd8 10. dxe5 dxe5 11. Nc4 c6 12. Nxb6 axb6 13. Bc4 Ne6 14. Bxe6
Qxe6 15. a3 1/2-1/2

[Event "GBR-ch 95th"]
[Site "Liverpool"]
[Date "2008.08.07"]
[Round "10.17"]
[White "Townsend, Paul"]
[Black "Addison, Bret"]
[Result "0-1"]
[WhiteElo "2204"]
[BlackElo "2244"]
[PlyCount "94"]
[EventDate "2008.07.28"]
[EventType "swiss"]
[EventRounds "11"]
[EventCountry "GBR"]

1. d4 f5 2. Nf3 Nf6 3. g3 g6 4. Bg2 Bg7 5. b4 Nc6 6. c3 d5 7. O-O Ne4 8. Qb3
O-O 9. Nbd2 Kh8 10. a4 Be6 11. Ba3 b6 12. e3 Bg8 13. Qc2 Nd6 14. Rfd1 a6 15. c4
dxc4 16. Ng5 Qd7 17. d5 Ne5 18. Bb2 h6 19. Ne6 Bxe6 20. dxe6 Qxe6 21. Bxa8 Rxa8
22. Bd4 Rg8 23. Qc3 c5 24. bxc5 bxc5 25. Bxe5 Bxe5 26. Qa5 Bxa1 27. Rxa1 Qd5
28. Rc1 Kh7 29. Qc3 Rc8 30. Nxc4 Nxc4 31. Qxc4 Qxc4 32. Rxc4 Kg7 33. Kf1 Kf6
34. Ke2 Ke5 35. Kd3 Kd5 36. Kc3 Rb8 37. f3 a5 38. e4+ fxe4 39. Rxe4 e5 40. Re1
Rb4 41. Rd1+ Rd4 42. Ra1 g5 43. Ra2 h5 44. h3 h4 45. g4 c4 46. Rb2 Rd3+ 47. Kc2
Rb3 0-1

[Event "GBR-ch 95th"]
[Site "Liverpool"]
[Date "2008.08.07"]
[Round "10.18"]
[White "Houska, Jovanka"]
[Black "Coathup, Roger"]
[Result "1-0"]
[WhiteElo "2405"]
[BlackElo "2105"]
[PlyCount "75"]
[EventDate "2008.07.28"]
[EventType "swiss"]
[EventRounds "11"]
[EventCountry "GBR"]

1. d4 Nf6 2. Nf3 g6 3. c4 Bg7 4. g3 O-O 5. Bg2 d6 6. O-O Nbd7 7. Nc3 e5 8. e3
c6 9. a4 Re8 10. b3 exd4 11. exd4 Ne4 12. Nxe4 Rxe4 13. Ra2 Re8 14. Re1 Rxe1+
15. Qxe1 Nf6 16. a5 a6 17. Re2 Bd7 18. Bf4 d5 19. h3 Bf5 20. Qb4 Qc8 21. g4 Be4
22. Bd6 Nd7 23. Qd2 Nf8 24. Ng5 Bxg2 25. Kxg2 Qd7 26. Qb4 Ne6 27. Nxe6 fxe6 28.
cxd5 cxd5 29. Qb6 Rc8 30. Bc5 Rc6 31. Qa7 Bf8 32. b4 Bg7 33. Re3 Qc8 34. Rf3
Qd7 35. b5 Rc7 36. Bb6 Bxd4 37. Bxd4 axb5 38. Qb8+ 1-0

[Event "GBR-ch 95th"]
[Site "Liverpool"]
[Date "2008.08.07"]
[Round "10.19"]
[White "Storey, Charles"]
[Black "Quillan, Gary"]
[Result "1-0"]
[WhiteElo "2268"]
[BlackElo "2339"]
[PlyCount "119"]
[EventDate "2008.07.28"]
[EventType "swiss"]
[EventRounds "11"]
[EventCountry "GBR"]

1. e4 e6 2. d4 d5 3. Nd2 Nf6 4. e5 Nfd7 5. f4 c5 6. c3 Nc6 7. Ndf3 Qb6 8. g3
cxd4 9. cxd4 Bb4+ 10. Kf2 g5 11. fxg5 Ndxe5 12. Nxe5 Nxe5 13. Nf3 Nxf3 14. Kxf3
Bf8 15. a4 Bd7 16. Be3 a5 17. Rg1 Bc6 18. Rg2 e5 19. Rf2 Bg7 20. Kg2 e4 21. Qh5
O-O 22. Be2 Be8 23. Qh3 f5 24. gxf6 Rxf6 25. Rxf6 Bxf6 26. Rf1 Bg6 27. Qg4 Bxd4
28. Bh6 Qxb2 29. h4 Bg7 30. Bc1 Qe5 31. h5 Bxh5 32. Qxh5 Qxh5 33. Bxh5 d4 34.
Bf7+ Kh8 35. Rh1 e3 36. Bg6 h6 37. Rh4 Rc8 38. Bb2 Rc6 39. Bd3 Rd6 40. Re4 Rd8
41. Kf3 Rf8+ 42. Rf4 Rd8 43. g4 b6 44. Ke2 Be5 45. Re4 Bg7 46. Kd1 Kg8 47. Kc2
Kf7 48. Kb3 Bf6 49. Kc4 Rc8+ 50. Kb5 Rd8 51. Kc6 Rc8+ 52. Kb7 Rd8 53. Kc7 Kg8
54. Ba3 Kg7 55. Bd6 Kf7 56. Rf4 Re8 57. Bb5 d3 58. Bxe8+ Kg7 59. Bb5 e2 60. Re4
1-0

[Event "GBR-ch 95th"]
[Site "Liverpool"]
[Date "2008.08.07"]
[Round "10.20"]
[White "Russell, Christopher"]
[Black "Gregory, Stephen J"]
[Result "1-0"]
[WhiteElo "2036"]
[BlackElo "2177"]
[PlyCount "155"]
[EventDate "2008.07.28"]
[EventType "swiss"]
[EventRounds "11"]
[EventCountry "GBR"]

1. e4 d6 2. d4 Nf6 3. Nc3 g6 4. Nf3 Bg7 5. Be2 a6 6. a4 b6 7. O-O O-O 8. Re1
Bb7 9. e5 dxe5 10. Nxe5 Nd5 11. Nxd5 Bxd5 12. c4 Bb7 13. Bf3 Bxf3 14. Qxf3 Ra7
15. Be3 Qd6 16. b3 f6 17. c5 bxc5 18. Nc4 Qd8 19. Rad1 c6 20. dxc5 Rd7 21. Nb6
Rxd1 22. Rxd1 Qc7 23. Qe4 e5 24. Rd6 Qf7 25. Qc4 Qxc4 26. Nxc4 Kf7 27. Bd2 Re8
28. b4 Bf8 29. Rd3 Ke6 30. f3 Be7 31. Kf2 Rd8 32. Ke3 f5 33. Bc3 Bg5+ 34. Ke2
Rxd3 35. Kxd3 Nd7 36. Nb6 Nf6 37. Nc4 e4+ 38. fxe4 fxe4+ 39. Kd4 Nd5 40. Be1 e3
41. Ke4 e2 42. g3 Bf6 43. Kd3 h5 44. Kxe2 Bc3 45. Bxc3 Nxc3+ 46. Kd3 Nd5 47.
Na5 Kd7 48. Nc4 Nxb4+ 49. Ke4 Ke6 50. Ne5 g5 51. Nf3 Kf6 52. Nd4 Nd5 53. Nxc6
Nc3+ 54. Kd4 Nxa4 55. Nb4 Nxc5 56. Nd5+ Ke6 57. Kxc5 Kf5 58. h3 a5 59. Kd4 a4
60. Ne3+ Ke6 61. g4 hxg4 62. hxg4 a3 63. Kc3 a2 64. Kb2 Ke5 65. Nf5 Kf4 66. Nh6
Ke5 67. Kxa2 Kf6 68. Kb3 Kg7 69. Nf5+ Kf6 70. Kc4 Ke5 71. Kd3 Kf4 72. Nh6 Ke5
73. Ke3 Kf6 74. Ke4 Ke6 75. Nf5 Kf6 76. Nd4 Kg6 77. Ke5 Kg7 78. Kf5 1-0

[Event "GBR-ch 95th"]
[Site "Liverpool"]
[Date "2008.08.07"]
[Round "10.21"]
[White "Dilleigh, Steve"]
[Black "Berry, Stephen"]
[Result "1-0"]
[WhiteElo "2131"]
[BlackElo "2363"]
[PlyCount "87"]
[EventDate "2008.07.28"]
[EventType "swiss"]
[EventRounds "11"]
[EventCountry "GBR"]

1. d4 Nf6 2. c4 e6 3. Nc3 Bb4 4. e3 O-O 5. Bd3 d5 6. Nf3 c5 7. O-O Nc6 8. a3
Bxc3 9. bxc3 Qc7 10. cxd5 exd5 11. Nh4 Ne7 12. g3 Rd8 13. f3 Be6 14. Ra2 Rac8
15. Raf2 Qd7 16. Bb2 Nf5 17. Nxf5 Bxf5 18. g4 Bxd3 19. Qxd3 cxd4 20. cxd4 Rc6
21. h3 h5 22. Rg2 Re8 23. Re1 a6 24. Qf5 Qe6 25. Qxe6 Rcxe6 26. Rge2 hxg4 27.
hxg4 Nh7 28. Kg2 g6 29. e4 f5 30. gxf5 gxf5 31. e5 Kf7 32. Rc2 Rh6 33. Rc7+ Re7
34. Rec1 Rb6 35. Rxe7+ Kxe7 36. Rc7+ Kd8 37. Rxh7 Rxb2+ 38. Kg3 Rb3 39. Kf4 b5
40. Kxf5 Rxf3+ 41. Ke6 Rxa3 42. Kd6 Kc8 43. e6 Re3 44. e7 1-0

[Event "GBR-ch 95th"]
[Site "Liverpool"]
[Date "2008.08.07"]
[Round "10.22"]
[White "Mason, Donald"]
[Black "Ledger, Stephen"]
[Result "1/2-1/2"]
[WhiteElo "2268"]
[BlackElo "2138"]
[PlyCount "43"]
[EventDate "2008.07.28"]
[EventType "swiss"]
[EventRounds "11"]
[EventCountry "GBR"]

1. e4 c5 2. Nf3 Nc6 3. c3 d5 4. exd5 Qxd5 5. d4 e6 6. a3 Nf6 7. Bd3 Be7 8. O-O
O-O 9. c4 Qd7 10. dxc5 Rd8 11. Bc2 Qxd1 12. Rxd1 Rxd1+ 13. Bxd1 a5 14. Nc3 Bxc5
15. Bf4 Bd7 16. Rb1 h6 17. h3 Rc8 18. Na4 Ba7 19. c5 Nd5 20. Bd6 Bb8 21. Bxb8
Nxb8 22. Nb6 1/2-1/2

[Event "GBR-ch 95th"]
[Site "Liverpool"]
[Date "2008.08.07"]
[Round "10.23"]
[White "James, Russell A"]
[Black "Lyell, Mark"]
[Result "0-1"]
[WhiteElo "2225"]
[BlackElo "2232"]
[PlyCount "158"]
[EventDate "2008.07.28"]
[EventType "swiss"]
[EventRounds "11"]
[EventCountry "GBR"]

1. e4 e5 2. Nf3 Nc6 3. d4 exd4 4. Nxd4 Bc5 5. Nxc6 Qf6 6. Qf3 dxc6 7. Bd3 Be6
8. Nc3 Qxf3 9. gxf3 Ne7 10. Rg1 O-O 11. Be3 Bxe3 12. fxe3 f5 13. exf5 Nxf5 14.
O-O-O Rae8 15. Bxf5 Rxf5 16. Rg3 Kf8 17. Rdg1 Re7 18. e4 Rh5 19. R1g2 Rf7 20.
Kd2 h6 21. Rg6 Bc4 22. b3 Ba6 23. Ke3 Rh3 24. R6g3 Rh4 25. Rg4 Rh3 26. Rf2 g5
27. Nb1 b6 28. Nd2 c5 29. Nb1 b5 30. Nc3 Rd7 31. Rg3 Rh4 32. Nd5 c6 33. Nf6 Rd1
34. Ng4 Ke7 35. Ne5 Kf6 36. Nd3 c4 37. Nc5 cxb3 38. cxb3 Bc8 39. Rgg2 Rc1 40.
Rc2 Rxc2 41. Rxc2 Rh3 42. Nd3 Bd7 43. Nf2 Rh4 44. Rd2 Ke7 45. Nd3 Rh3 46. Ne5
Be8 47. Kd4 Kd6 48. b4 Rh4 49. Nd3 Bf7 50. Ke3 Ke7 51. Rc2 Be6 52. Rg2 Kd6 53.
Rf2 Rh3 54. Kd4 Bf7 55. a3 Be8 56. Nc5 Bh5 57. e5+ Ke7 58. Ke4 Bf7 59. Kf5 Bd5
60. Kg4 Rh4+ 61. Kf5 Rf4+ 62. Kg6 g4 63. Kxh6 Rxf3 64. Rc2 Rxa3 65. Kg5 a5 66.
bxa5 b4 67. a6 b3 68. Nxb3 Bxb3 69. Rxc6 Be6 70. Kf4 Ra4+ 71. Kg5 Ra2 72. Rc7+
Kd8 73. Rc6 Kd7 74. Rd6+ Ke7 75. Rb6 Rxh2 76. Rb7+ Bd7 77. e6 Kxe6 78. Kxg4 Ra2
79. a7 Kd6+ 0-1

[Event "GBR-ch 95th"]
[Site "Liverpool"]
[Date "2008.08.07"]
[Round "10.24"]
[White "Briscoe, Christopher"]
[Black "Yeo, Michael J"]
[Result "1-0"]
[WhiteElo "2232"]
[BlackElo "2110"]
[PlyCount "63"]
[EventDate "2008.07.28"]
[EventType "swiss"]
[EventRounds "11"]
[EventCountry "GBR"]

1. e4 e5 2. Nf3 Nc6 3. Bb5 a6 4. Ba4 Nf6 5. O-O Be7 6. d4 exd4 7. e5 Ne4 8.
Nxd4 Nxd4 9. Qxd4 f5 10. Bb3 Bc5 11. Qd5 Qe7 12. Be3 c6 13. Bxc5 Nxc5 14. Qd6
a5 15. a4 b6 16. Nd2 Ba6 17. Rfe1 Nb7 18. Qd4 Qc5 19. Qh4 Qb4 20. Qg5 Qg4 21.
Qe3 Nc5 22. h3 Qg6 23. Bc4 Rf8 24. f4 Bb7 25. c3 Nxa4 26. Rxa4 b5 27. Qb6 Rb8
28. Qc7 Ke7 29. e6 Rfd8 30. exd7+ Kf8 31. Re6 Qh5 32. Qd6+ 1-0

[Event "GBR-ch 95th"]
[Site "Liverpool"]
[Date "2008.08.07"]
[Round "10.25"]
[White "Williamson, Roger G"]
[Black "James, David J"]
[Result "1-0"]
[WhiteElo "2169"]
[BlackElo "2177"]
[PlyCount "47"]
[EventDate "2008.07.28"]
[EventType "swiss"]
[EventRounds "11"]
[EventCountry "GBR"]

1. e4 c5 2. Nf3 d6 3. d4 cxd4 4. Nxd4 Nf6 5. Nc3 a6 6. Bc4 e6 7. O-O Nbd7 8.
Bxe6 fxe6 9. Nxe6 Qb6 10. Be3 Nc5 11. Nxf8 Rxf8 12. b4 Qxb4 13. Qxd6 Qxc3 14.
Bxc5 Rf7 15. Rad1 Bd7 16. Rd4 O-O-O 17. Qb6 Re8 18. Qa7 Bb5 19. Rfd1 Rd7 20.
Rxd7 Nxd7 21. Qa8+ Nb8 22. Bd6 Qxc2 23. Qxb8+ Kd7 24. Qxb7+ 1-0

[Event "GBR-ch 95th"]
[Site "Liverpool"]
[Date "2008.08.07"]
[Round "10.26"]
[White "Horner, Jeff"]
[Black "Waters, Clive L"]
[Result "1-0"]
[WhiteElo "2372"]
[BlackElo "2096"]
[PlyCount "83"]
[EventDate "2008.07.28"]
[EventType "swiss"]
[EventRounds "11"]
[EventCountry "GBR"]

1. e4 c6 2. Nc3 d5 3. Nf3 dxe4 4. Nxe4 Nf6 5. Ng3 Bg4 6. Be2 e6 7. d4 Be7 8.
O-O O-O 9. c4 Nbd7 10. Be3 Re8 11. Qc2 Qc7 12. Rad1 Rac8 13. a3 Nh5 14. Rfe1
Nxg3 15. hxg3 Bf5 16. Bd3 Bxd3 17. Qxd3 Nf6 18. Qc2 Qa5 19. Ne5 Bd6 20. Bg5 h6
21. Bxf6 gxf6 22. b4 Qc7 23. Ng4 Kg7 24. Qd2 Rh8 25. d5 cxd5 26. cxd5 e5 27.
Ne3 Qd7 28. Qd3 Rhg8 29. Qf5 Rcd8 30. Qf3 Kg6 31. g4 Kg7 32. Rc1 Rde8 33. Rc4
Rc8 34. Rxc8 Rxc8 35. Nf5+ Kf8 36. Qe3 Kg8 37. Qxh6 Bf8 38. Qxf6 e4 39. d6 Rc6
40. b5 Rc2 41. Rxe4 Qxb5 42. Qg5+ 1-0

[Event "GBR-ch 95th"]
[Site "Liverpool"]
[Date "2008.08.07"]
[Round "10.27"]
[White "Gavriel, Tryfon"]
[Black "Barrett, Steve"]
[Result "1-0"]
[WhiteElo "2180"]
[BlackElo "2251"]
[PlyCount "71"]
[EventDate "2008.07.28"]
[EventType "swiss"]
[EventRounds "11"]
[EventCountry "GBR"]

1. e4 c5 2. Nf3 e6 3. d4 cxd4 4. Nxd4 Nf6 5. Nc3 d6 6. g4 e5 7. Bb5+ Bd7 8.
Bxd7+ Qxd7 9. Nf5 h5 10. Qd3 hxg4 11. h4 Nc6 12. Bg5 Nh7 13. Be3 O-O-O 14.
O-O-O g6 15. Ng3 Nf6 16. Nd5 Bg7 17. Qa3 Kb8 18. c3 b6 19. Nxb6 axb6 20. Bxb6
Rc8 21. Rxd6 Qb7 22. Bc5 Nd7 23. Rxd7 Qxd7 24. Bd6+ Kb7 25. Rd1 Qe6 26. Rd5 Na7
27. Ra5 Ra8 28. Qb4+ Kc8 29. h5 Kd8 30. Qb7 Rc8 31. Qxa7 Ke8 32. Rd5 Bh6+ 33.
Kc2 f6 34. hxg6 Rd8 35. Nf5 Bf4 36. Ng7# 1-0

[Event "GBR-ch 95th"]
[Site "Liverpool"]
[Date "2008.08.07"]
[Round "10.28"]
[White "Goodger, Martyn"]
[Black "Auckland, Elliott"]
[Result "1/2-1/2"]
[WhiteElo "2187"]
[BlackElo "1990"]
[PlyCount "59"]
[EventDate "2008.07.28"]
[EventType "swiss"]
[EventRounds "11"]
[EventCountry "GBR"]

1. e4 c5 2. Nf3 e6 3. c3 d5 4. exd5 exd5 5. d4 Nf6 6. Bb5+ Bd7 7. Bxd7+ Nbxd7
8. O-O Be7 9. dxc5 Nxc5 10. Nbd2 O-O 11. Nb3 Ne6 12. Be3 Ng4 13. Qd3 Nxe3 14.
Qxe3 Bd6 15. Rad1 a5 16. Qd2 Nc7 17. Nbd4 Qf6 18. Qd3 Rfd8 19. Nb5 Ne6 20. Nxd6
Rxd6 21. Nd4 Rb6 22. b3 Nxd4 23. Qxd4 Qxd4 24. Rxd4 Rc6 25. Rxd5 Rxc3 26. Rb5
a4 27. bxa4 Rc2 28. Rxb7 Rxa2 29. Rfb1 g6 30. Rb8+ 1/2-1/2